000 00436nam a2200121Ia 4500
008 180815s9999 xx 000 0 und d
020 _a9789711504632
100 _aCarale, Bartolome S.
245 _cBartolome S. Carale.--
_aThe Philippine insurance law :
_bcode, comments, and cases /
260 _aQuezon City :
_bUniversity of the Philippines College of Law
_c2014
300 _axi, 459 pages.
650 _aInsurance law -- Philippines.
999 _c358314
_d358314